| 000 | 00475nam a22001937a 4500 | ||
|---|---|---|---|
| 003 | OSt | ||
| 005 | 20240626104810.0 | ||
| 008 | 240626b |||||||| |||| 00| 0 eng d | ||
| 020 | _a978152332709 | ||
| 040 | _cMUST | ||
| 082 |
_222 _a512.2 JOH 2001 |
||
| 100 |
_aJohn, D.L _917960 |
||
| 245 |
_aSymmetries _cD.L.Johnson |
||
| 260 |
_aNewyork: _bspringer _c2001 |
||
| 300 |
_axi, 198p. _bill. _c23cm |
||
| 504 | _aincludes index | ||
| 650 | _2symmetries | ||
| 942 |
_2ddc _cO_SHELF |
||
| 999 |
_c8884 _d8884 |
||